Every US City Beginning with A - Statistics

General Stats
  • This quiz has been taken 56 times
    42 since last reset
  • The average score is 111 of 482
Answer Stats
State City % Correct
Illinois | Texas Anna
91%
Missouri Alba
88%
California | Georgia | Kentucky | +5 others Albany
88%
Alaska | Kentucky Anchorage
88%
Georgia | Illinois | Kansas | +2 others Atlanta
78%
Arkansas | Indiana | Minnesota | Texas Austin
78%
Georgia | Iowa | Kansas | +6 others Arlington
75%
Colorado | Illinois | Indiana | +9 others Aurora
75%
New Mexico Albuquerque
72%
Arkansas | Georgia | Kansas | +3 others Augusta
72%
Kansas | Kentucky | Texas Allen
66%
Alaska | California | Indiana | +3 others Anderson
63%
Maryland | Missouri Annapolis
63%
Indiana | Kentucky | Louisiana | +4 others Alexandria
59%
California Anaheim
59%
Michigan Ann Arbor
59%
Alabama | Georgia | Illinois | +3 others Athens
59%
Iowa | Ohio Akron
50%
Arkansas | Iowa | Kansas | North Dakota Alexander
50%
Pennsylvania Allentown
50%
Alabama | California | Georgia | +10 others Auburn
50%
Idaho | Maryland | Mississippi | +2 others Aberdeen
47%
Minnesota | Oklahoma Ada
47%
North Carolina Asheville
47%
Iowa | Kansas | Pennsylvania | Wisconsin Altoona
44%
Texas Amarillo
44%
Minnesota | Wisconsin Appleton
44%
Iowa Atlantic
44%
Kansas | Texas Abilene
41%
Minnesota Alpha
41%
Idaho | Iowa | South Dakota Ashton
41%
New Jersey Atlantic City
41%
Georgia | Iowa Adel
38%
Iowa | Texas Ames
38%
Iowa Anthon
38%
Minnesota | Ohio | South Dakota Avon
38%
Minnesota | North Dakota | Oregon | +2 others Adams
34%
Georgia | North Dakota | Texas Alamo
34%
Iowa Allison
34%
Kansas | New Mexico Anthony
34%
Arkansas | Kansas Arkansas City
34%
Iowa | North Dakota Arthur
34%
Colorado Aspen
34%
Kansas Albert
31%
Missouri | New York Amsterdam
31%
California Antioch
31%
Texas Anton
31%
Minnesota Apple Valley
31%
Colorado Arvada
31%
Oregon Astoria
31%
North Dakota | Texas Alice
28%
Arkansas | Georgia | Kansas | +4 others Alma
28%
Massachusetts | Ohio | Texas Amherst
28%
Iowa Andrew
28%
Illinois | North Dakota Ashley
28%
Alabama Ashville
28%
Illinois | Missouri Ava
28%
Arizona | Missouri Avondale
28%
Oklahoma Alva
25%
California | Florida | Iowa | +3 others Arcadia
25%
Kansas Arma
25%
Kansas | Kentucky | Missouri | +4 others Ashland
25%
South Carolina Aiken
22%
Alabama Alabaster
22%
California Alameda
22%
Minnesota Alberta
22%
Iowa | Kansas | Minnesota Andover
22%
Iowa Ankeny
22%
Alabama Adamsville
19%
Alabama | Minnesota Albertville
19%
California Alhambra
19%
Georgia Alpharetta
19%
Illinois | Iowa | Kansas | +2 others Alton
19%
Georgia Andersonville
19%
Texas Andrews
19%
Florida | Iowa Archer
19%
Iowa Alta
16%
Arkansas | Oregon Amity
16%
Florida Apopka
16%
Arkansas Arkadelphia
16%
Georgia Ashburn
16%
California Avalon
16%
Georgia | Michigan | Minnesota | +3 others Adrian
13%
Kansas Agra
13%
New Mexico Alamogordo
13%
Idaho | Illinois | Iowa | +2 others Albion
13%
Texas Alvin
13%
Georgia | Kansas Americus
13%
Montana Anaconda
13%
Indiana Angola
13%
Alabama Anniston
13%
Oklahoma | Tennessee Ardmore
13%
Missouri | Pennsylvania Arnold
13%
Iowa | Missouri Asbury
13%
Kansas Atchison
13%
Wisconsin Abbotsford
9%
Texas Abbott
9%
Iowa Ackworth
9%
Georgia Acworth
9%
Iowa | Nebraska Ainsworth
9%
Colorado Alamosa
9%
Nebraska | Ohio Alliance
9%
Michigan Alpena
9%
Texas | Utah Alpine
9%
Illinois | Kansas Altamont
9%
Idaho Ammon
9%
California Arcata
9%
California | New Mexico Artesia
9%
Ohio Ashtabula
9%
Florida Atlantis
9%
Indiana | Kansas Attica
9%
Texas Aubrey
9%
Iowa Aurelia
9%
California Azusa
9%
Alabama | Georgia | Louisiana | South Carolina Abbeville
6%
Texas Abernathy
6%
Tennessee Alcoa
6%
Wisconsin Algoma
6%
Arkansas | Oklahoma Altus
6%
Georgia | North Dakota Ambrose
6%
Alabama Andalusia
6%
Iowa Anita
6%
Minnesota Annandale
6%
Texas Anson
6%
Oregon Antelope
6%
Arizona Apache Junction
6%
Texas Aransas Pass
6%
Georgia Arcade
6%
Minnesota | Texas Argyle
6%
California Arvin
6%
Arkansas Ashdown
6%
North Carolina Asheboro
6%
Illinois Assumption
6%
Oregon Athena
6%
Arkansas | Iowa Atkins
6%
Nebraska Atkinson
6%
Illinois Abingdon
3%
Texas Ackerly
3%
Iowa Adair
3%
Alaska Adak
3%
California Adelanto
3%
Kansas Admire
3%
Iowa | Minnesota Afton
3%
Massachusetts Agawam
3%
Iowa Agency
3%
California Agoura Hills
3%
Georgia Ailey
3%
Washington Airway Heights
3%
Minnesota Aitkin
3%
Iowa Albert City
3%
Minnesota Albert Lea
3%
Iowa Albia
3%
Alabama Alexander City
3%
Iowa | Washington Algona
3%
Alabama Aliceville
3%
California Aliso Viejo
3%
Tennessee Allardt
3%
Kansas Almena
3%
Florida Altamonte Springs
3%
Iowa | Kansas Alta Vista
3%
Minnesota Altura
3%
California Alturas
3%
Minnesota | Texas Alvarado
3%
Alaska Ambler
3%
California American Canyon
3%
Idaho American Falls
3%
Mississippi Amory
3%
Washington Anacortes
3%
Iowa Anamosa
3%
Texas Angus
3%
Minnesota Anoka
3%
Connecticut Ansonia
3%
Wisconsin Antigo
3%
North Dakota Antler
3%
Florida Apalachicola
3%
Alabama Arab
3%
Georgia Aragon
3%
Nebraska Arapahoe
3%
Missouri Archie
3%
Idaho | Minnesota Arco
3%
Minnesota Arden Hills
3%
South Dakota Armour
3%
Iowa | Missouri Armstrong
3%
California Arroyo Grande
3%
New Jersey Asbury Park
3%
Minnesota Ashby
3%
Texas Asherton
3%
Kansas Assaria
3%
California Atascadero
3%
Alaska Atka
3%
Florida Atlantic Beach
3%
Oklahoma Atoka
3%
Idaho Atomic City
3%
Massachusetts Attleboro
3%
California | Minnesota Atwater
3%
Kansas Atwood
3%
Florida Auburndale
3%
Iowa | Minnesota Avoca
3%
Kansas Axtell
3%
New Mexico Aztec
3%
Kansas Abbyville
0%
North Dakota Abercrombie
0%
New Jersey Absecon
0%
Idaho Acequia
0%
Iowa Ackley
0%
Georgia Adairsville
0%
Oregon Adair Village
0%
Kentucky Adairville
0%
Arkansas Adona
0%
Missouri Advance
0%
Kansas Agenda
0%
Texas Agua Dulce
0%
Minnesota Akeley
0%
Alaska Akhiok
0%
Alaska Akiak
0%
Alaska Akutan
0%
Florida Alachua
0%
Alaska Alakanuk
0%
Texas Alamo Heights
0%
North Carolina Albemarle
0%
Iowa Alburnett
0%
South Dakota Alcester
0%
Iowa | Kansas | Minnesota Alden
0%
Minnesota Aldrich
0%
Illinois | Texas Aledo
0%
Alaska Aleknagik
0%
Michigan Algonac
0%
Tennessee Algood
0%
Pennsylvania Aliquippa
0%
Alaska Allakaket
0%
Michigan Allegan
0%
Iowa Alleman
0%
Georgia Allenhurst
0%
Michigan Allen Park
0%
Iowa Allerton
0%
North Dakota Almont
0%
North Dakota Alsen
0%
Missouri Altenburg
0%
Arkansas Altheimer
0%
Iowa Alvord
0%
California Amador City
0%
Illinois | Minnesota Amboy
0%
North Dakota Amenia
0%
Utah American Fork
0%
Wisconsin Amery
0%
Massachusetts Amesbury
0%
North Dakota Amidon
0%
Missouri Amoret
0%
Oklahoma Anadarko
0%
Texas Anahuac
0%
Alaska Anaktuvuk Pass
0%
North Dakota Anamoose
0%
Kansas Andale
0%
North Dakota Aneta
0%
California Angels Camp
0%
Texas Angleton
0%
Alaska Angoon
0%
Alaska Aniak
0%
Florida Anna Maria
0%
Oklahoma Antlers
0%
Alaska Anvik
0%
Iowa Aplington
0%
Texas Appleby
0%
Missouri Appleton City
0%
Texas Aquilla
0%
Missouri Arbyrd
0%
North Carolina Archdale
0%
Texas Archer City
0%
Illinois | Texas Arcola
0%
North Dakota Ardoch
0%
Iowa Aredale
0%
Kansas Argonia
0%
North Dakota Argusville
0%
Idaho Arimo
0%
Iowa Arion
0%
Iowa Arispe
0%
North Dakota Arnegard
0%
Iowa Arnolds Park
0%
Georgia Arnoldsville
0%
Texas Arp
0%
Arkansas Ash Flat
0%
Missouri Ash Grove
0%
Minnesota Askov
0%
Washington Asotin
0%
Iowa Aspinwall
0%
Iowa Atalissa
0%
Idaho | Kansas Athol
0%
Alabama Atmore
0%
Alaska Atqasuk
0%
Alabama Attalla
0%
Georgia Attapulgus
0%
Michigan Auburn Hills
0%
Iowa | Minnesota Audubon
0%
Kentucky Audubon Park
0%
Michigan Au Gres
0%
Oregon Aumsville
0%
Georgia Austell
0%
Texas Austwell
0%
Missouri Auxvasse
0%
California Avenal
0%
Florida Aventura
0%
Georgia Avera
0%
Georgia Avondale Estates
0%
Ohio Avon Lake
0%
Florida Avon Park
0%
North Dakota Ayr
0%
Iowa Ayrshire
0%
Texas Azle
0%
No matching quizzes found
Score Distribution
Percent of People with Each Score
Percentile by Number Answered
Your Score History
You have not taken this quiz since the last reset